Starostlivosť o zver príručka pre poľovnícku prax

Bibliographic Details
Main Authors: Rajský, Matúš (Author), Rajský, Dušan, 1950- (Author), Vodňanský, Miroslav (Author), Forejtek, Pavel, 1951- (Author)
Other Authors: Podmanický, Dušan (Photographer)
Format: Book
Language:Slovak
PhysicalDescription:103 s. grafy, fotogr., tab. 21 cm
Published: Námestovo Obvodná poľovnícka komora 2013
ISBN:9788097129651 (brož.)
Edition:1. vyd.
Subjects:

MARC

LEADER 00000nam a2200000 a 4500
001 vtls010504986
003 SK-MaSNL
005 20260301133149.0
008 160430s2013 xo ao f 000 0 slo
015 |a SNBA2013/05 
020 |a 9788097129651 (brož.) 
035 |a 4E8B82D9-9E86-431B-B5F5-527CD22C4BBD 
035 |a urn:nbn:sk:snk-amjn7t 
035 |a urn:nbn:sk:snk-am001osh 
040 |a SNK  |b slo  |c SNK  |e AACR2 
041 0 |a slo 
044 |a xo  |c SK 
072 7 |a 636  |x Chov zvierat. Živočíšna výroba  |2 konspekt 
072 7 |a 639.1  |x Poľovníctvo  |2 konspekt 
080 |a 636.083  |2 2001 
080 |a 636.084  |2 2001 
080 |a 639.1  |2 2001 
080 |a (07)  |2 2001 
245 0 0 |a Starostlivosť o zver  |b príručka pre poľovnícku prax  |c Matúš Rajský ... [et al.] ; [fotografie: D. Podmanický ... [et al.]] 
250 |a 1. vyd. 
260 |a Námestovo  |b Obvodná poľovnícka komora  |c 2013 
300 |a 103 s.  |b grafy, fotogr., tab.  |c 21 cm 
366 |e 250 výt. 
504 |a Bibliogr. s. 102-103 
650 0 7 |a starostlivosť o zvieratá  |2 SNKPH  |9 31078 
650 0 7 |a Animal care  |2 SNKPHeng  |9 276222 
650 0 7 |a kŕmenie zvierat  |2 SNKPH  |9 51087 
650 0 7 |a Animal feeding  |2 SNKPHeng  |9 485130 
650 0 7 |a poľovníctvo  |2 SNKPH  |9 2774 
650 0 7 |a Hunting  |2 SNKPHeng  |9 265411 
655 7 |a učebné texty  |2 SNKPH  |9 70568 
655 7 |a Educational texts  |2 SNKPHeng  |9 277375 
700 1 |a Rajský, Matúš  |4 aut  |9 338651 
700 1 |a Rajský, Dušan,  |d 1950-  |4 aut  |9 106685 
700 1 |a Vodňanský, Miroslav  |4 aut  |9 485131 
700 1 |a Forejtek, Pavel,  |d 1951-  |4 aut  |9 485132 
700 1 |a Podmanický, Dušan  |4 pht  |9 14854 
919 |a 978-80-971296-5-1 
958 |a NB 
958 |a MI 
999 |c 752995  |d 754925 
952 |a SNK  |b SNK  |y PREZ  |7 0  |p 17A1067276  |o snkSC 154094  |i snk2013/8965  |8 0  |0 0  |1 0  |4 0  |d 2013-04-19  |l 0  |r 2025-07-24 00:00:00  |w 2026-02-23 
952 |a SNK  |b SNK  |y VYP  |7 0  |p 17A1067277  |o snkSC 154094 D1  |i snk2013/8966  |8 0  |0 0  |1 0  |4 0  |d 2013-04-19  |f 1  |l 0  |r 2026-02-23 23:38:39  |w 2026-02-23